| 000 | 00757nam a22002297a 4500 | ||
|---|---|---|---|
| 001 | 35415 | ||
| 003 | BD-RjUL | ||
| 005 | 20211209052322.0 | ||
| 008 | 140524r19751969ii a|||| |||| 001 0 eng d | ||
| 035 | _a(BD-RjUL)35509 | ||
| 040 |
_aBD-RjUL _beng _cBD-RjUL |
||
| 041 | _aeng | ||
| 082 |
_219 _a519.542 _bCHS 1975 |
||
| 100 | 1 |
_aChance, William A _9107842 |
|
| 245 | 1 |
_aStatistical Methods For Decision Making / _cWilliam A Chance |
|
| 260 |
_aBombay : _bD. B. Taraporevala Sons, _cc1969 [reprint 1975]. |
||
| 300 |
_axi, 442 p. : _billus. ; _c23 cm. |
||
| 504 | _aIncludes index. | ||
| 650 |
_aStatistical decision. _9107843 |
||
| 856 |
_3WorldCat _uhttp://www.worldcat.org/search?q=Statistical+Methods+For+Decision+Making&qt=owc_search |
||
| 942 |
_2ddc _cBK |
||
| 999 |
_c35415 _d35415 |
||